000 00662nam a22001937a 4500
005 20251108171806.0
008 250721s1996 xx 000 0 ara d
082 1 4 _a378.2/محي
100 1 _aرمضان، محيي الدين عبد الرحمن
245 1 0 _aالرسالة العلمية :
_bماجستير و دكتوراه أصولا و مناقشة /
264 1 _aبيروت :
_bمؤسسة الرسالة،
_c1996.
300 _a134ص
650 1 7 _aالرسائل الجامعية
650 1 7 _aرسائل الماجستير
650 1 7 _aرسائل الدكتوراه
650 1 7 _aالبحث العلمي
942 _2ddc
_cBK
999 _c62648
_d62648